000 00408nam a2200109Ia 4500
008 240129s9999 xx 000 0 und d
100 _aQURESHI, MUJTABA ASHRAF
245 0 _aBIOMEDICAL CARDIAC DATA MINING APPROACH EXTRACTION OF SIGNIFICANT PATTERNS FOR PREDICTING HEART DISEASES FROM BIOMEDICAL WAREHOUSE
260 _bMEWAR UNIVERSITY, CHITTORGARH
_c2021
650 _aInformation Technology
942 _cTHE
999 _c218901
_d218901